Law of the Commission Securities and Exchange (Record no. 343686)
[ view plain ]
| 000 -LEADER | |
|---|---|
| fixed length control field | 00631 a2200193 4500 |
| 003 - CONTROL NUMBER IDENTIFIER | |
| control field | OSt |
| 005 - DATE AND TIME OF LATEST TRANSACTION | |
| control field | 20180116182651.0 |
| 008 - FIXED-LENGTH DATA ELEMENTS--GENERAL INFORMATION | |
| fixed length control field | 170808b xxu||||| |||| 00| 0 eng d |
| 020 ## - INTERNATIONAL STANDARD BOOK NUMBER | |
| International Standard Book Number | 9694072329 |
| 040 ## - CATALOGING SOURCE | |
| Transcribing agency | 0 |
| 082 ## - DEWEY DECIMAL CLASSIFICATION NUMBER | |
| Classification number | 332.64 WAD 1998 |
| 100 ## - MAIN ENTRY--PERSONAL NAME | |
| Personal name | Q. A. Wadud. |
| 245 ## - TITLE STATEMENT | |
| Title | Law of the Commission Securities and Exchange |
| Remainder of title | The Law Designed to Secure for the Country a Place in the Business Map of the World |
| Statement of responsibility, etc. | Q. A. Wadud. |
| 260 ## - PUBLICATION, DISTRIBUTION, ETC. | |
| Place of publication, distribution, etc. | Karachi |
| Name of publisher, distributor, etc. | Royal book company |
| Date of publication, distribution, etc. | 1998 |
| 300 ## - PHYSICAL DESCRIPTION | |
| Extent | 384p |
| Other physical details | HB |
| 440 ## - SERIES STATEMENT/ADDED ENTRY--TITLE | |
| Title | Law of the Commission Securities and Exchange |
| 500 ## - GENERAL NOTE | |
| General note | Hard cover |
| 942 ## - ADDED ENTRY ELEMENTS (KOHA) | |
| Institution code [OBSOLETE] | NBS |
| Koha item type | Book |
| Call number prefix | 332.64 1998 |
| Source of classification or shelving scheme | |
| Withdrawn status | Lost status | Damaged status | Not for loan | Permanent Location | Current Location | Date acquired | Total Checkouts | Full call number | Barcode | Date last seen | Date last checked out | Price effective from | Koha item type | Source of classification or shelving scheme | Source of acquisition |
|---|---|---|---|---|---|---|---|---|---|---|---|---|---|---|---|
| NUST Law School (NLS) | NUST Law School (NLS) | 08/28/2013 | 2 | 346.73 WAD | NBS2672 | 11/22/2017 | 08/08/2017 | 08/28/2013 | Book | ||||||
| NUST Law School (NLS) | NUST Law School (NLS) | 03/18/2025 | 346.73 WAD 1998 | NLS-1469 | 03/18/2025 | 03/18/2025 | Book | ||||||||
| NUST Law School (NLS) | NUST Law School (NLS) | 06/26/2025 | 332.64 WAD | NLS-2039 | 06/26/2025 | 06/26/2025 | Book | Pakistan Law House | |||||||
| NUST Law School (NLS) | NUST Law School (NLS) | 06/26/2025 | 332.64 WAD | NLS-2040 | 06/26/2025 | 06/26/2025 | Book | Pakistan Law House | |||||||
| NUST Law School (NLS) | NUST Law School (NLS) | 06/26/2025 | 332.64 WAD | NLS-2041 | 06/26/2025 | 06/26/2025 | Book | Pakistan Law House |
